00358pab a2200121 454500008004000000100002300040245009500063260000900158300001500167362000800182650002200190773002400212180718b2010 xxu||||| |||| 00| 0 eng d aPatra, Adity Kumar aIndustrialization in the Odisha economy: A reality check with the help of linkage analysis c2010 ap.107-118. aSep aIndustrialization aMan and Development